00481nam a2200181Ia 4500003000400000005001700004008004100021020001800062050002300080100002400103245006100127260003500188300003300223440000600256521000700262526000800269650002200277OSt20140312085339.0140130s9999 xx 000 0 und d a9780439120708 aPZ 7 b.Al374 2000 aAlexander, Francie. cFrancie Alexander.aDots! Dots! Dots! :bAt the museum / bScholastic Inc.,c2000.aUSA : a16 p. :bcol. ill. ;c30 cm. v1 aG2 c400 aStories in rhyme.